[Event "Danish Open"]
[Site "SchemingMind.com"]
[Date "2018.03.02"]
[Round "-"]
[White "pebber"]
[Black "Janusz Szopa"]
[Result "0-1"]
[WhiteCountry "DEN"]
[BlackCountry "POL"]
[WhiteElo "1394"]
[WhiteRD "162"]
[BlackElo "2334"]
[BlackRD "82"]
[GameID "425356"]

1. e4 c5 2. c3 Nf6 3. e5 Nd5 4. d4 cxd4 5. cxd4 d6 6. Nf3 Nc6 7. Nc3 dxe5 8. dxe5 Ndb4 9. Qxd8+ Kxd8 10. Kd2 Bf5
11. a3 Nc2 12. Rb1 Ke8
0-1

[Event "Danish Open"]
[Site "SchemingMind.com"]
[Date "2018.03.28"]
[Round "-"]
[White "Janusz Szopa"]
[Black "Helga1946"]
[Result "1-0"]
[WhiteCountry "POL"]
[BlackCountry "GER"]
[WhiteElo "2356"]
[WhiteRD "76"]
[BlackElo "2265"]
[BlackRD "60"]
[GameID "426172"]

1. e4 c5 2. c3 e6 3. d4 d5 4. e5 Nc6 5. Nf3 cxd4 6. cxd4 Bd7 7. Be2 Qb6 8. Nc3 a6 9. O-O Na7 10. Bd2 h6
11. Bd3 Ne7 12. a3 Nac6 13. Na4 Qa7 14. Nc5 Nxd4 15. Nxd7 Kxd7 16. Nxd4 Qxd4 17. Qb3 Qa7 18. Be3 Qb8 19. f4 g6 20. Bb6 Bg7
21. Qa4+ Nc6 22. Rae1 Rc8 23. g4 Re8 24. Re2 Rg8 25. Rc2 Bf8 26. Rfc1 Qc8 27. Kh1 Be7 28. f5 Bg5 29. Rf1 Qb8 30. fxg6 fxg6
31. Rf7+ Be7 32. Rxc6 bxc6 33. Bc5 Re8 34. Bd6 Qb6 35. Qf4 Qa5 36. Qf2 c5 37. Bxg6 Rab8 38. b4
1-0

[Event "Danish Open"]
[Site "SchemingMind.com"]
[Date "2018.03.28"]
[Round "-"]
[White "Helga1946"]
[Black "pebber"]
[Result "1/2-1/2"]
[WhiteCountry "GER"]
[BlackCountry "DEN"]
[WhiteElo "2070"]
[WhiteRD "51"]
[BlackElo "1379"]
[BlackRD "101"]
[GameID "426173"]

1. d4 d5 2. c3 Nf6 3. Bg5 e6 4. e3 Be7 5. Nd2 c6 6. Ngf3 Nbd7 7. Bf4 O-O 8. h3 Re8 9. Bd3 Nf8 10. Ne5 N6d7
11. Ng4 f5 12. Ne5 Nxe5 13. Bxe5 Ng6 14. Bg3 Bd6 15. Bxd6 Qxd6 16. Qh5 Bd7 17. g4 Rf8 18. gxf5 exf5 19. O-O-O b5 20. Rhg1 b4
21. cxb4 Qxb4 22. Kb1 Rab8 23. Nb3 a5 24. Qe2 Rfe8 25. Nc5 Bc8 26. Rc1 Nf4 27. Qc2 Nxd3 28. Nxd3 Qb5 29. Qd2 Ba6 30. Ne5 Re6
31. Rc5=
1/2-1/2

[Event "Danish Open"]
[Site "SchemingMind.com"]
[Date "2018.04.04"]
[Round "-"]
[White "Janusz Szopa"]
[Black "splinter"]
[Result "1-0"]
[WhiteCountry "POL"]
[BlackCountry "CAN"]
[WhiteElo "2334"]
[WhiteRD "81"]
[BlackElo "1720"]
[BlackRD "173"]
[GameID "426636"]

1. e4 c5 2. c3 Nf6 3. e5 Nd5 4. d4 e6 5. Bc4 Nb6 6. Bd3 d5 7. Nf3 Be7 8. Be3 Nc4 9. Bxc4 dxc4 10. dxc5 Qxd1+
11. Kxd1 Nc6 12. Nbd2 b5 13. cxb6 axb6 14. Nxc4 b5 15. Nb6 Rb8 16. a4 O-O 17. axb5 Nd8 18. Ke2 Re8 19. Nxc8 Rxc8 20. Rhd1 Bc5
21. Bxc5 Rxc5 22. Ra8 Rd5 23. Rd4 Kf8 24. c4 Rxd4 25. Nxd4 Ke7 26. c5 f6 27. c6 Nf7 28. Rxe8+ Kxe8 29. b6 Kd8 30. b7 Kc7
31. Nxe6+ Kb8 32. Nc5 Nxe5 33. Na6+ Ka7 34. b8=Q+ Kxa6 35. c7 Nd7 36. c8=Q+ Ka5 37. Qc3+ Ka6 38. Qa3#
1-0

[Event "Danish Open"]
[Site "SchemingMind.com"]
[Date "2018.04.04"]
[Round "-"]
[White "splinter"]
[Black "pebber"]
[Result "1-0"]
[WhiteCountry "CAN"]
[BlackCountry "DEN"]
[WhiteElo "1738"]
[WhiteRD "89"]
[BlackElo "1379"]
[BlackRD "101"]
[GameID "426637"]

1. c4 e6 2. g3 d5 3. Bg2 dxc4 4. Qa4+ c6 5. Qxc4 Nf6 6. Nf3 Be7 7. Nc3 O-O 8. b3 Nd5 9. Bb2 Nd7 10. O-O Bf6
11. Rab1 N7b6 12. Qc5 Be7 13. Qa5 Nxc3 14. Qxc3 Bf6 15. Qc2 Bxb2 16. Qxb2 Nd5 17. Rbc1 Qf6 18. Qb1 Bd7 19. d4 Rfe8 20. Ne5 Rad8
21. Be4 h6 22. e3 Bc8 23. Bg2 Ne7 24. a4 Ng6 25. Nxg6 Qxg6 26. Qxg6 fxg6 27. Rfd1 Kf7 28. b4 Bd7 29. f4 Kf6 30. Rd2 g5
31. Rf2 g4 32. Rfc2 h5 33. Rc5 g6 34. h3 gxh3 35. Bxh3 a6 36. Bf1 Bc8 37. Kf2 Rd5 38. Bg2
1-0

[Event "Danish Open"]
[Site "SchemingMind.com"]
[Date "2018.04.08"]
[Round "-"]
[White "splinter"]
[Black "Helga1946"]
[Result "0-1"]
[WhiteCountry "CAN"]
[BlackCountry "GER"]
[WhiteElo "1736"]
[WhiteRD "114"]
[BlackElo "2265"]
[BlackRD "60"]
[GameID "426638"]

1. c4 e6 2. g3 d5 3. Bg2 c6 4. Nf3 dxc4 5. b3 cxb3 6. Qxb3 Be7 7. Nc3 Nd7 8. Bb2 Ngf6 9. O-O O-O 10. Rab1 e5
11. Rfd1 Qa5 12. Nh4 Rd8 13. d4 exd4 14. Rxd4 Nb6 15. Rxd8+ Bxd8 16. Qc2 Be7 17. Rd1 Be6 18. Nf3 Nfd5 19. h4 Nxc3 20. Bxc3 Qxa2
21. Qe4 Qb3 22. Rd3 Qb1+ 23. Kh2 Nd5 24. Bd2 Bf8 25. Ng5 Nf6 26. Qf4 Ng4+ 27. Kh3 Nxf2+ 28. Kh2 Ng4+ 29. Kh3 Qg1 30. Nxe6 h5
31. Qxg4 hxg4+ 32. Kxg4 Qxg2 33. Nf4 Qh1 34. Be3 g6 35. Bd4 Be7 36. Be3 f5#
0-1

[Event "Danish Open"]
[Site "SchemingMind.com"]
[Date "2018.04.08"]
[Round "-"]
[White "Helga1946"]
[Black "Phillip Beckett"]
[Result "1-0"]
[WhiteCountry "GER"]
[BlackCountry "ENG"]
[WhiteElo "2265"]
[WhiteRD "60"]
[BlackElo "1589"]
[BlackRD "56"]
[GameID "426736"]

1. d4 d5 2. c4 e6 3. Qc2 Nf6 4. a3 Be7 5. Bf4 c6 6. Nd2 O-O 7. e3 Nbd7 8. h3 Re8 9. Be2 Nf8 10. Ngf3 dxc4
11. Nxc4 Nd5 12. Bg3 Nb6 13. Nfd2 Nxc4 14. Nxc4 b6 15. Ne5 Bb7 16. Nxc6 Bxc6 17. Qxc6 Rc8 18. Qa4 Bd6 19. Ba6 Rc7 20. Bxd6 Rd7
21. Bb4 Rd5 22. Bb5 Nd7 23. Bc6 b5 24. Qxa7 Rg5 25. Bxd7 Rxg2 26. Bxe8 Qxe8 27. Rc1 g6 28. Qb7
1-0

[Event "Danish Open"]
[Site "SchemingMind.com"]
[Date "2018.04.06"]
[Round "-"]
[White "splinter"]
[Black "Phillip Beckett"]
[Result "1-0"]
[WhiteCountry "CAN"]
[BlackCountry "ENG"]
[WhiteElo "1720"]
[WhiteRD "173"]
[BlackElo "1643"]
[BlackRD "55"]
[GameID "426738"]

1. c4 e5 2. g3 d5 3. Bg2 Nf6 4. Nc3 Be6 5. Qb3 e4 6. Qxb7 Nbd7 7. cxd5 Bf5 8. Nb5 Bd6 9. Nxd6+ cxd6 10. Nh3 O-O
11. Nf4 Nb6 12. b3 Re8 13. Bb2 Re7 14. Qa6 Nbxd5 15. Nxd5 Nxd5 16. O-O Nb4 17. Qb5 Nc2 18. Qxf5 Nxa1 19. Rxa1 e3 20. dxe3 Qd7
21. Qxd7 Rxd7 22. Bxa8
1-0

[Event "Danish Open"]
[Site "SchemingMind.com"]
[Date "2018.04.06"]
[Round "-"]
[White "Phillip Beckett"]
[Black "Janusz Szopa"]
[Result "0-1"]
[WhiteCountry "ENG"]
[BlackCountry "POL"]
[WhiteElo "1643"]
[WhiteRD "55"]
[BlackElo "2334"]
[BlackRD "81"]
[GameID "426739"]

1. e4 c5 2. Nf3 d6 3. d4 cxd4 4. Nxd4 Nf6 5. Nc3 a6 6. Be2 e5 7. Nb3 Be7 8. O-O O-O 9. Be3 Be6 10. f4 exf4
11. Bxf4 Nc6 12. Bf3 Rc8 13. Qd2 Ne5 14. Bxe5 dxe5 15. Qxd8 Rfxd8 16. Rad1 Re8 17. Rd2 Bb4 18. Rfd1 Bxc3 19. bxc3 Rxc3 20. Rd8 Rxc2
21. R8d2 Rc4 22. Rd8 Kf8 23. Rxe8+ Kxe8 24. Kf1 Ke7 25. Ke2 Nxe4 26. Bxe4 Rxe4+ 27. Kf3 Bxb3 28. axb3 Rb4 29. Rd3 e4+
0-1

[Event "Danish Open"]
[Site "SchemingMind.com"]
[Date "2018.04.08"]
[Round "-"]
[White "pebber"]
[Black "Phillip Beckett"]
[Result "1-0"]
[WhiteCountry "DEN"]
[BlackCountry "ENG"]
[WhiteElo "1379"]
[WhiteRD "101"]
[BlackElo "1560"]
[BlackRD "57"]
[GameID "426740"]

1. e4 e5 2. Nf3 Nc6 3. Bb5 a6 4. Ba4 Nf6 5. O-O Be7 6. Re1 b5 7. Bb3 O-O 8. c3 d5 9. exd5 Nxd5 10. d4 exd4
11. cxd4 Bf6 12. Nc3 Nxc3 13. bxc3 Na5 14. Bc2 Bg4 15. Qd3 g6 16. Bh6 Bg7 17. Bxg7 Kxg7 18. Ne5 Bf5 19. Qd2 Bxc2 20. Qxc2 Nc4
21. Nxc4 bxc4 22. Re5 Qf6 23. Rc5 Rfe8 24. Rxc4 Re6 25. Rxc7 Rae8 26. Rf1 Qf4 27. h3 Re2 28. Qb3 Re1 29. g3 Rxf1+ 30. Kxf1 Qc1+
31. Kg2 Rf8 32. Qd5 Qa3 33. Qe5+ Kg8 34. Qd5 Qa4 35. h4 Qe8 36. Ra7 Qe6 37. Qxe6 fxe6 38. Rxa6 Re8 39. f4 Kf7 40. Kf3 Re7
41. Ke4 Rc7 42. Kd3 Rb7 43. a4
1-0

[Event "Danish Open"]
[Site "SchemingMind.com"]
[Date "2018.04.07"]
[Round "-"]
[White "Phillip Beckett"]
[Black "felixkronlage"]
[Result "1-0"]
[WhiteCountry "ENG"]
[BlackCountry "GER"]
[WhiteElo "1560"]
[WhiteRD "57"]
[BlackElo "1291"]
[BlackRD "77"]
[GameID "426760"]

1. e4 e5 2. Nf3 Nc6 3. Bb5 a6 4. Ba4 b5 5. Bb3 Nd4 6. Nxe5 Nh6 7. c3 d6 8. Nxf7 Nxf7 9. Bxf7+ Kxf7 10. cxd4 g6
11. Qf3+ Ke8 12. d3 d5 13. e5 Bb4+ 14. Bd2 a5 15. Nc3 Bxc3 16. Bxc3 b4 17. Bd2 Rf8 18. Qg3 c6 19. O-O Ba6 20. Bh6 Rg8
21. f4 Qe7 22. f5 Qf7 23. fxg6 hxg6 24. Rxf7
1-0

[Event "Danish Open"]
[Site "SchemingMind.com"]
[Date "2018.04.08"]
[Round "-"]
[White "felixkronlage"]
[Black "Helga1946"]
[Result "0-1"]
[WhiteCountry "GER"]
[BlackCountry "GER"]
[WhiteElo "1344"]
[WhiteRD "80"]
[BlackElo "2265"]
[BlackRD "60"]
[GameID "426761"]

1. c4 e5 2. d3 d5 3. cxd5 Qxd5 4. e4 Qd6 5. Nf3 c5 6. Be2 Nc6 7. O-O h6 8. Nc3 Be6 9. Qa4 Nf6 10. Nb5 Qb8
11. d4 cxd4
0-1

[Event "Danish Open"]
[Site "SchemingMind.com"]
[Date "2018.04.06"]
[Round "-"]
[White "felixkronlage"]
[Black "splinter"]
[Result "0-1"]
[WhiteCountry "GER"]
[BlackCountry "CAN"]
[WhiteElo "1291"]
[WhiteRD "77"]
[BlackElo "1738"]
[BlackRD "89"]
[GameID "426764"]

1. c4 Nf6 2. Nf3 g6 3. d3 Bg7 4. e4 d6 5. Bg5 Nc6 6. Nh4 Nd4 7. Be2 Nxe2 8. Qxe2 O-O 9. O-O c6 10. Bxf6 Bxf6
11. f4 Bxh4 12. g3 Bf6 13. f5 Qb6+ 14. Kh1 Bxb2 15. Qg4 Bxa1 16. f6 Bxg4 17. fxe7 Rfe8 18. Nd2 Bc3
0-1

[Event "Danish Open"]
[Site "SchemingMind.com"]
[Date "2018.04.11"]
[Round "-"]
[White "Janusz Szopa"]
[Black "felixkronlage"]
[Result "1-0"]
[WhiteCountry "POL"]
[BlackCountry "GER"]
[WhiteElo "2339"]
[WhiteRD "75"]
[BlackElo "1291"]
[BlackRD "77"]
[GameID "426765"]

1. e4 e5 2. Nf3 Nc6 3. Bc4 Na5 4. Nxe5 Nh6 5. Nxf7 Nxf7 6. Bxf7+ Kxf7 7. Qh5+ g6 8. Qxa5 b6 9. Qd5+ Ke8 10. Qxa8 Bb4
11. Qxa7 d6 12. Qa4+ Bd7 13. Qxb4 Rf8 14. O-O c5 15. Qc3
1-0

[Event "Danish Open"]
[Site "SchemingMind.com"]
[Date "2018.04.12"]
[Round "-"]
[White "Janusz Szopa"]
[Black "davidcook"]
[Result "1-0"]
[WhiteCountry "POL"]
[BlackCountry "ENG"]
[WhiteElo "2356"]
[WhiteRD "76"]
[BlackElo "1912"]
[BlackRD "63"]
[GameID "426773"]

1. e4 d5 2. exd5 Nf6 3. d4 Bg4 4. f3 Bf5 5. g4 Bg6 6. c4 e6 7. Nc3 exd5 8. g5 Nfd7 9. Nxd5 Nc6 10. h4 Nb6
11. Qe2+ Be7 12. Nxe7 Nxd4 13. Nc6+ Nxe2 14. Nxd8 Nxg1 15. Rxg1 Rxd8 16. b3 O-O 17. Kf2 Bf5 18. Bf4 c6 19. Re1 Rfe8 20. Rxe8+ Rxe8
21. Be2 Nd7 22. Rd1 f6 23. Rd6 fxg5 24. hxg5 Nc5 25. b4 Ne6 26. Be3 Kf7 27. a4 Ke7 28. Rd2 Rd8 29. Rxd8 Kxd8 30. Bxa7 Nxg5
31. Ke3 Ne6 32. Bb6+ Kd7 33. f4 h6 34. a5 g5 35. fxg5 hxg5 36. b5
1-0

[Event "Danish Open"]
[Site "SchemingMind.com"]
[Date "2018.04.07"]
[Round "-"]
[White "Phillip Beckett"]
[Black "davidcook"]
[Result "0-1"]
[WhiteCountry "ENG"]
[BlackCountry "ENG"]
[WhiteElo "1643"]
[WhiteRD "55"]
[BlackElo "1861"]
[BlackRD "65"]
[GameID "426774"]

1. e4 e5 2. Nf3 Nc6 3. Bb5 a6 4. Bxc6 dxc6 5. d4 exd4 6. Qxd4 Qxd4 7. Nxd4 Bd7 8. Be3 O-O-O 9. Nd2 Ne7 10. f3 c5
11. N4b3 b6 12. O-O-O Nc6 13. Nc4 g6 14. Bf2 Bg7 15. Ne3 Be6 16. Rxd8+ Rxd8 17. Rd1 a5 18. Rxd8+ Kxd8 19. Nd5 Bxd5 20. exd5 Nb4
21. a3 Nxd5 22. Nd2 Bd4 23. Bg3 Ne3 24. Ne4 f6 25. Bf2 f5 26. Bxe3 Bxe3+ 27. Nd2 Kd7 28. Kd1 Bxd2 29. Kxd2 Kd6 30. Kd3 a4
31. c4 Ke5 32. g3 g5 33. Ke3 f4+ 34. gxf4+ gxf4+ 35. Kd3 c6 36. h3 b5 37. Kc3 h6 38. Kd3 b4 39. h4 h5 40. axb4 cxb4
41. c5 Kd5
0-1

[Event "Danish Open"]
[Site "SchemingMind.com"]
[Date "2018.04.08"]
[Round "-"]
[White "davidcook"]
[Black "Helga1946"]
[Result "0-1"]
[WhiteCountry "ENG"]
[BlackCountry "GER"]
[WhiteElo "1861"]
[WhiteRD "65"]
[BlackElo "2249"]
[BlackRD "67"]
[GameID "426776"]

1. e4 e5 2. Nf3 Nc6 3. Bc4 h6 4. O-O d6 5. d4 Bg4 6. c3 Bxf3 7. Qxf3 Qf6 8. d5 Qxf3 9. gxf3 Nce7 10. f4 O-O-O
11. f5 Nf6 12. f3 g6 13. fxg6 Nxg6 14. a4 Be7 15. Be3 Kb8 16. Kh1 Nh5 17. Na3 Bg5 18. Bxg5 hxg5 19. Rg1 Rh7 20. Rxg5 Rdh8
21. Rg2 Ngf4
0-1

[Event "Danish Open"]
[Site "SchemingMind.com"]
[Date "2018.04.08"]
[Round "-"]
[White "pebber"]
[Black "davidcook"]
[Result "0-1"]
[WhiteCountry "DEN"]
[BlackCountry "ENG"]
[WhiteElo "1468"]
[WhiteRD "142"]
[BlackElo "1912"]
[BlackRD "63"]
[GameID "426777"]

1. e4 e5 2. Nf3 Nc6 3. Bb5 a6 4. Ba4 Nf6 5. O-O Be7 6. Re1 b5 7. Bb3 O-O 8. c3 d5 9. exd5 Nxd5 10. d4 exd4
11. cxd4 Bg4 12. Be3 Bb4 13. Nbd2 Re8 14. h3 Bxf3 15. Qxf3 Nxe3 16. Rxe3 Qd7 17. Rxe8+ Rxe8 18. a3 Bxd2
0-1

[Event "Danish Open"]
[Site "SchemingMind.com"]
[Date "2018.04.07"]
[Round "-"]
[White "davidcook"]
[Black "splinter"]
[Result "1-0"]
[WhiteCountry "ENG"]
[BlackCountry "CAN"]
[WhiteElo "1861"]
[WhiteRD "65"]
[BlackElo "1720"]
[BlackRD "173"]
[GameID "426779"]

1. e4 c5 2. d4 cxd4 3. c3 e5 4. Bc4 Nf6 5. cxd4 Nxe4 6. dxe5 Qa5+ 7. Nd2 Nxd2 8. Bxd2 Qxe5+ 9. Ne2 Qe4 10. Qb3 Qxg2
11. Bxf7+ Kd8 12. Ba5+ b6 13. Bd5 Qh3 14. Qxh3 Nc6 15. Bc3 a5 16. O-O-O Kc7 17. Bxc6 dxc6 18. Be5+ Kb7 19. Qb3 Bg4 20. f3 Bh5
21. Rd7+ Ka6 22. Qc4+ b5 23. Qxc6#
1-0

[Event "Danish Open"]
[Site "SchemingMind.com"]
[Date "2018.04.12"]
[Round "-"]
[White "Chessibelle"]
[Black "Phillip Beckett"]
[Result "0-1"]
[WhiteCountry "ENG"]
[BlackCountry "ENG"]
[WhiteElo "1128"]
[WhiteRD "59"]
[BlackElo "1643"]
[BlackRD "55"]
[GameID "426947"]

1. e4 e5 2. Nf3 Nc6 3. d3 Nf6 4. Nc3 Be7 5. Be2 d6 6. O-O h6 7. a3 O-O 8. b4 Nd4 9. Re1 Nxe2+ 10. Nxe2 Bg4
11. Nc3 c6 12. d4 exd4 13. Qxd4 Qb6 14. Qd3 Nd7 15. Bb2 Bxf3 16. Qxf3 Ne5 17. Qg3 Nc4 18. Bc1 Bf6 19. Rb1 Be5 20. Qg4 Bxc3
21. Rd1 Ne5 22. Qg3 Bd4 23. Rd2 Ng6 24. Kh1 Be5 25. Qg4 Bf4 26. Re2 Bxc1 27. Rxc1 Ne5 28. Qg3 f5 29. Qf4 fxe4 30. Qg3 Rae8
31. Re3 Qd4 32. c3 Qd2 33. Rf1 Nc4 34. h3 Nxe3 35. Qxe3 Qxe3 36. fxe3 Rxf1+ 37. Kh2 Ref8 38. h4 Re1
0-1

[Event "Danish Open"]
[Site "SchemingMind.com"]
[Date "2018.04.12"]
[Round "-"]
[White "felixkronlage"]
[Black "Chessibelle"]
[Result "0-1"]
[WhiteCountry "GER"]
[BlackCountry "ENG"]
[WhiteElo "1291"]
[WhiteRD "77"]
[BlackElo "1193"]
[BlackRD "58"]
[GameID "426948"]

1. c4 e5 2. d3 Be7 3. Nf3 d6 4. e4 Nf6 5. Bg5 O-O 6. Be2 c5 7. O-O b6 8. Nh4 g6 9. Bxf6 Bxf6 10. Bg4 Bxh4
11. g3 Bg5 12. h4 Bh6 13. Nc3 Nd7 14. h5 Nf6 15. hxg6 fxg6 16. Nd5 Nxd5 17. exd5 Bd7 18. Be6+ Bxe6 19. dxe6 Qe7 20. Qg4 Rf5
21. Qh3 Bg7 22. g4 Rf4
0-1

[Event "Danish Open"]
[Site "SchemingMind.com"]
[Date "2018.04.16"]
[Round "-"]
[White "Helga1946"]
[Black "Chessibelle"]
[Result "1-0"]
[WhiteCountry "GER"]
[BlackCountry "ENG"]
[WhiteElo "2265"]
[WhiteRD "60"]
[BlackElo "1134"]
[BlackRD "60"]
[GameID "426949"]

1. Nf3 d5 2. d4 Nf6 3. Bf4 Nc6 4. e3 Bd7 5. Nbd2 g6 6. c4 Bg7 7. cxd5 Nxd5 8. Bg3 O-O 9. Rc1 Ncb4 10. Qb3 c6
11. a3 e6 12. axb4 b5 13. h4 h5 14. Bd6 Re8 15. e4 Nf4 16. Bxf4 f5 17. exf5 gxf5 18. Be2 Kh7 19. Ng5+ Kg8 20. Bxh5 Re7
21. Bd6 Bxd4 22. Ndf3 Bf6 23. Ne5 Rg7 24. Bf7+ Kh8 25. Qf3 Qb6 26. Qh5+ Rh7 27. Qxh7#
1-0

[Event "Danish Open"]
[Site "SchemingMind.com"]
[Date "2018.04.12"]
[Round "-"]
[White "Janusz Szopa"]
[Black "Chessibelle"]
[Result "1-0"]
[WhiteCountry "POL"]
[BlackCountry "ENG"]
[WhiteElo "2334"]
[WhiteRD "81"]
[BlackElo "1128"]
[BlackRD "59"]
[GameID "426950"]

1. e4 e5 2. Nf3 d6 3. d4 Bd7 4. Bc4 h6 5. O-O Ne7 6. dxe5 Ng6 7. Qd5 Be6 8. Qxb7 Nd7 9. Bxe6 Be7 10. Bxd7+ Kxd7
11. exd6 Bxd6 12. e5 Nxe5 13. Qb5+ Nc6 14. Nd4 Ke7 15. Nxc6+ Kf6 16. Nxd8 Rhxd8 17. Nc3 g5 18. f4 Kg6 19. fxg5 Re8 20. Qf5+ Kg7
21. gxh6+ Kf8 22. Qxf7#
1-0

[Event "Danish Open"]
[Site "SchemingMind.com"]
[Date "2018.04.12"]
[Round "-"]
[White "davidcook"]
[Black "Chessibelle"]
[Result "1-0"]
[WhiteCountry "ENG"]
[BlackCountry "ENG"]
[WhiteElo "1861"]
[WhiteRD "65"]
[BlackElo "1128"]
[BlackRD "59"]
[GameID "426951"]

1. e4 e5 2. Nf3 d6 3. d4 Bd7 4. dxe5 Nc6 5. Bc4 h6 6. O-O dxe5 7. Qe2 Nf6 8. Rd1 Be7 9. Nc3 O-O 10. Nd5 Bd6
11. a3 g5 12. b4 a6 13. Ba2 b6 14. Bb2 b5 15. c4 Bg4 16. c5 Be7 17. Nxf6+ Bxf6 18. Rxd8 Raxd8 19. Qe3 a5 20. Bd5 Ne7
21. Nxe5 Bh5 22. Re1 c6 23. Nxc6 Nxc6 24. Bxf6 Rd7 25. Bxc6 Rdd8 26. Bxd8 Rxd8 27. Bxb5 Rf8 28. e5 axb4 29. axb4 f6 30. e6 f5
31. e7
1-0

[Event "Danish Open"]
[Site "SchemingMind.com"]
[Date "2018.04.14"]
[Round "-"]
[White "Chessibelle"]
[Black "pebber"]
[Result "0-1"]
[WhiteCountry "ENG"]
[BlackCountry "DEN"]
[WhiteElo "1134"]
[WhiteRD "60"]
[BlackElo "1468"]
[BlackRD "142"]
[GameID "426952"]

1. e4 e6 2. d3 d5 3. Bd2 dxe4 4. dxe4 Nf6 5. g3 e5 6. Nf3 Nxe4 7. Bg5 Qxd1+ 8. Kxd1 Nxg5 9. Nbd2 Nxf3 10. Nxf3 Bg4
11. Be2 Nc6 12. a3 O-O-O+ 13. Bd3 Bxf3+ 14. Ke1 Bc5 15. Bc4 Bxh1 16. Ke2 Bd5 17. Bb5 Nd4+ 18. Kd3 c6 19. Bc4 Bxc4+ 20. Kxc4 Bb6
21. Kb4 Nxc2+
0-1

[Event "Danish Open"]
[Site "SchemingMind.com"]
[Date "2018.04.12"]
[Round "-"]
[White "splinter"]
[Black "Chessibelle"]
[Result "1-0"]
[WhiteCountry "CAN"]
[BlackCountry "ENG"]
[WhiteElo "1720"]
[WhiteRD "173"]
[BlackElo "1128"]
[BlackRD "59"]
[GameID "426954"]

1. c4 d6 2. g3 e5 3. Bg2 Bd7 4. Bxb7 Nc6 5. Bxa8 Qxa8 6. Nf3 Nge7 7. O-O g6 8. Nc3 Bg7 9. Nd5 O-O 10. Nxc7 Qc8
11. Nb5 Qb7 12. Nxd6 Qa8 13. h4 h5 14. Kh2 Qb8 15. Ne4 f5 16. Neg5 Bf6 17. d3 Qd8 18. Bd2 Qc7 19. Rb1 Nd8 20. b4 f4
21. a4 Nf5 22. Rg1 Nf7 23. b5 Qc5 24. Rf1 N7h6 25. Bb4 Qc8 26. c5 Be8 27. Qb3+ Kg7 28. Ne6+ Kg8 29. Nxf8+ Kxf8 30. Ng5 Qd8
31. Ne6+ Ke7 32. Nxd8 Ng4+ 33. Kh3 Nd4 34. Qa2 f3 35. e3 Ne6 36. Nxe6 Kd7 37. c6+ Kc8 38. Bc5 Bf7 39. Bxa7 Bg8 40. b6 Bf7
41. b7#
1-0

[Event "Danish Open"]
[Site "SchemingMind.com"]
[Date "2018.04.14"]
[Round "-"]
[White "Phillip Beckett"]
[Black "ray winteringham"]
[Result "1-0"]
[WhiteCountry "ENG"]
[BlackCountry "ENG"]
[WhiteElo "1643"]
[WhiteRD "55"]
[BlackElo "1569"]
[BlackRD "50"]
[GameID "427023"]

1. e4 e5 2. Nf3 Nc6 3. Bb5 f6 4. Bxc6 bxc6 5. d4 exd4 6. Qxd4 Bb7 7. Bf4 c5 8. Qe3 Bd6 9. e5 Be7 10. Nbd2 g5
11. Bg3 f5 12. Qb3 Rb8 13. Qc4 d5 14. Qb5+ c6 15. Qa4 a6 16. O-O c4 17. h3 Nh6 18. Nd4 Qc8 19. e6 O-O 20. Bxb8 Qxb8
21. Nxc6 Bxc6 22. Qxa6 Bb5 23. Qa5 c3 24. Qxc3 Bxf1 25. Rxf1 Qb6 26. Nb3 Qxe6 27. Nd4 Qf7 28. Nc6 Bf6 29. Qb3 f4 30. Qb4 Kg7
31. Re1 Nf5 32. Ne5 Bxe5 33. Rxe5 h6 34. Qc5 d4 35. c3 dxc3 36. bxc3 Nh4 37. Re7
1-0

[Event "Danish Open"]
[Site "SchemingMind.com"]
[Date "2018.04.18"]
[Round "-"]
[White "Helga1946"]
[Black "ray winteringham"]
[Result "1-0"]
[WhiteCountry "GER"]
[BlackCountry "ENG"]
[WhiteElo "2265"]
[WhiteRD "60"]
[BlackElo "1580"]
[BlackRD "52"]
[GameID "427024"]

1. d4 d5 2. Qd3 Nc6 3. Bf4 e6 4. Nf3 h6 5. e3 Bd6 6. c3 Nf6 7. Nbd2 g5 8. Bxd6 Qxd6 9. h3 Bd7 10. a3 Nh5
11. c4 f5 12. b4 O-O 13. b5 Na5 14. g4 Ng7 15. c5 Qe7 16. Qc3 Nc4 17. Nxc4 dxc4 18. Ne5 f4 19. Bxc4 fxe3 20. fxe3 Be8
21. Qc2 Rf6 22. Qe4 c6 23. h4 gxh4 24. Bd3 Nf5 25. gxf5 cxb5 26. Rg1+ Kh8 27. Qxh4 Bf7 28. Rg6 Rg8 29. Qxh6#
1-0

[Event "Danish Open"]
[Site "SchemingMind.com"]
[Date "2018.04.15"]
[Round "-"]
[White "splinter"]
[Black "ray winteringham"]
[Result "1-0"]
[WhiteCountry "CAN"]
[BlackCountry "ENG"]
[WhiteElo "1720"]
[WhiteRD "173"]
[BlackElo "1569"]
[BlackRD "50"]
[GameID "427026"]

1. c4 g6 2. g3 Bg7 3. Bg2 e6 4. Nc3 Ne7 5. e3 c5 6. Nge2 d6 7. O-O Bd7 8. Bxb7 Bc6 9. Bxa8 Bxa8 10. d4 Qc7
11. Nb5 Qc6 12. f3 O-O 13. Nxa7 Qb7 14. Nb5 Rd8 15. Nec3 h5 16. e4 f5 17. Bg5 Re8 18. Qe2 Nec6 19. d5 Ne5 20. Nxd6 Qxb2
21. Qxb2
1-0

[Event "Danish Open"]
[Site "SchemingMind.com"]
[Date "2018.04.14"]
[Round "-"]
[White "Chessibelle"]
[Black "ray winteringham"]
[Result "0-1"]
[WhiteCountry "ENG"]
[BlackCountry "ENG"]
[WhiteElo "1128"]
[WhiteRD "59"]
[BlackElo "1569"]
[BlackRD "50"]
[GameID "427027"]

1. e4 e5 2. Nf3 Nc6 3. b3 d6 4. Be2 Be7 5. d3 f5 6. O-O f4 7. c3 Be6 8. d4 Nf6 9. Nbd2 a6 10. Ng5 Qd7
11. Bb2 h6 12. Nh3 Bxh3 13. Re1 Bg4 14. f3 Bh5 15. a3 O-O 16. b4 b5 17. c4 exd4 18. Bd3 Ne5 19. Be2 bxc4 20. Bxd4 c6
21. Kf2 g5 22. g3 Qh3 23. Rh1 Nd3+ 24. Bxd3 cxd3 25. Rc1 c5 26. Qb3+ Bf7 27. Qb2 cxd4 28. Qxd4 Rac8 29. Qb2 Rxc1 30. Qxc1 Be6
31. Qg1 Bd8 32. Ke1 Re8 33. Kd1 Re7 34. Nf1 Bb3+ 35. Kc1 Rc7+ 36. Kb1 Bc2+ 37. Ka2 Qe6+ 38. Kb2 Qb3+ 39. Kc1 Bb1+
0-1

[Event "Danish Open"]
[Site "SchemingMind.com"]
[Date "2018.04.15"]
[Round "-"]
[White "ray winteringham"]
[Black "felixkronlage"]
[Result "1-0"]
[WhiteCountry "ENG"]
[BlackCountry "GER"]
[WhiteElo "1570"]
[WhiteRD "54"]
[BlackElo "1291"]
[BlackRD "77"]
[GameID "427028"]

1. e4 e5 2. Nf3 Nc6 3. Bb5 a6 4. Ba4 b5 5. Bb3 Nf6 6. d3 Bb4+ 7. Bd2 d5 8. Ng5 h6 9. Nf3 Nd4 10. c3 Nxf3+
11. Qxf3 Bg4 12. Qg3 O-O 13. cxb4 Nh5 14. Qe3 f5 15. Bxd5+ Kh8 16. Bxa8 Qxa8 17. Bc3 fxe4 18. dxe4 Rf4 19. Bxe5 Qxe4 20. Bxf4 Qxe3+
21. Bxe3
1-0

[Event "Danish Open"]
[Site "SchemingMind.com"]
[Date "2018.04.15"]
[Round "-"]
[White "ray winteringham"]
[Black "Janusz Szopa"]
[Result "0-1"]
[WhiteCountry "ENG"]
[BlackCountry "POL"]
[WhiteElo "1569"]
[WhiteRD "50"]
[BlackElo "2334"]
[BlackRD "81"]
[GameID "427029"]

1. e4 c5 2. Nf3 d6 3. Bc4 e6 4. d3 Nf6 5. Be3 Nc6 6. Nbd2 Be7 7. Bb3 O-O 8. c3 b6 9. d4 Ba6 10. c4 Ng4
11. Qe2 Bf6 12. Rb1 Nxe3 13. Qxe3 cxd4 14. Qe2 Rc8 15. Bc2 d5 16. b3 Nb4 17. Rb2 dxc4 18. e5 cxb3 19. Bxh7+ Kxh7 20. Qe4+ Kg8
21. exf6 Rc1#
0-1